Países más cercanos a las Maldivas - Estadísticas

Estadísticas generales
  • Esta prueba ha sido intentada 72 veces
  • La puntuación promedio es 16 de 20
Estadísticas de respuestas
km países % Correcto
449 India
100%
758 Sri Lanka
98%
1916 Pakistán
93%
2381 Bangladés
90%
2523 Myanmar
89%
2627 Afganistán
87%
2365 Indonesia
87%
2343 Irán
87%
2099 Omán
87%
2102 Yemen
87%
2781 Bután
85%
2497 Nepal
85%
2770 Tailandia
84%
2407 Arabia Saudita
82%
2571 Emiratos Árabes Unidos
80%
2691 China
70%
1957 Seychelles
67%
2394 Somalia
66%
2122 Mauricio
61%
2750 Etiopía
51%
No se encontraron pruebas coincidentes
Distribución de puntuación
Porcentaje de gente con cada puntuación
Porcentaje por número respondido
Historial de tus puntuaciones
No has intentado esta prueba.